[Event "Baden-ch AT1"]
[Site "Oberwinden"]
[Date "2007.04.11"]
[Round "8"]
[White "Schmidt, Armin"]
[Black "Kerner, Thomas"]
[Result "1-0"]
[WhiteElo "1501"]
[BlackElo "1617"]
[PlyCount "75"]
[EventDate "2007.04.06"]
[EventType "swiss"]
[EventRounds "11"]
[EventCountry "GER"]
[SourceTitle "CBM 117 Extra"]
[Source "ChessBase"]
[SourceDate "2007.05.09"]
[SourceVersion "1"]
[SourceVersionDate "2007.05.09"]
[SourceQuality "1"]

1. d4 g6 2. e4 Bg7 3. Nf3 d6 4. c3 Nf6 5. Bd3 0-0 6. h3 a6 7. 0-0 b5 8. a3 c5 9. e5 dxe5 10. dxe5 Nfd7 11. Bf4 Bb7 12. Nbd2 c4 13. Be4 Bxe4 14. Nxe4 Nc6 15. e6 fxe6 16. Bg3 Rf5 17. Neg5 Nf8 18. Qe2 e5 19. Rad1 Qe8 20. Rd2 h6 21. Ne4 Ne6 22. Rd5 Nf4 23. Bxf4 exf4 24. Rxf5 gxf5 25. Nc5 e5 26. b3 Bf8 27. b4 Bxc5 28. bxc5 Rd8 29. Rd1 e4 30. Nh4 Ne7 31. Rxd8 Qxd8 32. Qh5 Qf8 33. Ng6 Qg7 34. Nxe7+ Qxe7 35. Qg6+ Kf8 36. c6 Qc7 37. Qxh6+ Ke7 38. Qg7+ 1-0

[Event "Baden-ch AT1"]
[Site "Oberwinden"]
[Date "2007.04.06"]
[Round "1"]
[White "Deuring, Lukas"]
[Black "Schmidt, Armin"]
[Result "0-1"]
[WhiteElo "911"]
[BlackElo "1501"]
[PlyCount "63"]
[EventDate "2007.04.06"]
[EventType "swiss"]
[EventRounds "11"]
[EventCountry "GER"]
[SourceTitle "CBM 117 Extra"]
[Source "ChessBase"]
[SourceDate "2007.05.09"]
[SourceVersion "1"]
[SourceVersionDate "2007.05.09"]
[SourceQuality "1"]

1. e4 d6 2. Nc3 Nf6 3. h3 g6 4. Nf3 Bg7 5. a3 a6 6. Bc4 0-0 7. 0-0 Nxe4 8. Bxf7+ Rxf7 9. Nxe4 h6 10. d3 c5 11. d4 cxd4 12. Nxd4 Bd7 13. Re1 Nc6 14. c3 Nxd4 15. cxd4 Qa5 16. Bd2 Qb6 17. Be3 Qxb2 18. Qd3 Qb6 19. Rab1 Qa5 20. Rf1 Bb5 21. Rxb5 Qxb5 22. Qc2 Qd7 23. Rb1 b5 24. Ra1 Rc8 25. Qd3 Rc6 26. Nd2 Qf5 27. Ne4 d5 28. f3 dxe4 29. fxe4 Qc8 30. d5 Bxa1 31. Bxh6 Rc1+ 32. Bxc1 0-1

[Event "Ditzingen op-B"]
[Site "Ditzingen"]
[Date "2006.05.25"]
[Round "1.3"]
[White "Schumann, Kai"]
[Black "Schmidt, Armin"]
[Result "1-0"]
[WhiteElo "1885"]
[BlackElo "1462"]
[PlyCount "69"]
[EventDate "2006.05.25"]
[EventType "swiss"]
[EventRounds "7"]
[EventCountry "GER"]
[SourceTitle "CBM 112 Extra"]
[Source "ChessBase"]
[SourceDate "2006.07.14"]
[SourceVersion "1"]
[SourceVersionDate "2006.07.14"]
[SourceQuality "1"]

1. d4 Nf6 2. Nf3 g6 3. g3 Bg7 4. Bg2 0-0 5. 0-0 d6 6. c4 c6 7. Nc3 Re8 8. e4 Bg4 9. h3 Bxf3 10. Bxf3 Qc7 11. Be3 Nbd7 12. b4 Rad8 13. Qb3 Rc8 14. Rfc1 b6 15. Kg2 Rf8 16. a4 Kh8 17. a5 e6 18. Ra2 Rb8 19. Rca1 b5 20. cxb5 cxb5 21. Rc1 Qd8 22. a6 Qe8 23. Ra5 d5 24. e5 Ng8 25. Nxb5 Rxb5 26. Rxb5 Nxe5 27. Rb7 Nc6 28. Qc3 Nge7 29. Qc5 Bf6 30. Rc7 Qa8 31. b5 Na5 32. Rxe7 Nb3 33. Rxa7 Nxc5 34. Rxa8 Rxa8 35. dxc5 1-0

[Event "GER-ch Lands U20"]
[Site "Kassel"]
[Date "2003.10.20"]
[Round "2.4"]
[White "Haecker, Sonja"]
[Black "Schmidt, Armin"]
[Result "1-0"]
[WhiteElo "2028"]
[BlackElo "1803"]
[PlyCount "47"]
[EventDate "2003.10.19"]
[EventType "team"]
[EventRounds "7"]
[EventCountry "GER"]
[SourceTitle "EXT 2004"]
[Source "ChessBase"]
[SourceDate "2003.11.25"]
[SourceVersion "1"]
[SourceVersionDate "2003.11.25"]
[SourceQuality "1"]

1. e4 c6 2. d4 d5 3. Nc3 dxe4 4. Nxe4 Nf6 5. Nxf6+ gxf6 6. Nf3 Bg4 7. Be2 Qc7 8. Qd3 Nd7 9. Bd2 e6 10. 0-0-0 0-0-0 11. Nh4 Nc5 12. Qe3 Bxe2 13. Rde1 Nd3+ 14. cxd3 Bh5 15. Kb1 Qb6 16. Bc3 Rd5 17. Qf4 f5 18. Qg5 Bg6 19. Qf6 Rg8 20. Nxg6 Rxg6 21. Qxf7 Bg7 22. Rxe6 Rxg2 23. Re8+ Rd8 24. Rhe1 1-0

[Event "GER-ch Lands U20"]
[Site "Kassel"]
[Date "2003.10.20"]
[Round "3.4"]
[White "Schmidt, Armin"]
[Black "Knickel, Aaron"]
[Result "1-0"]
[WhiteElo "1803"]
[BlackElo "1765"]
[PlyCount "97"]
[EventDate "2003.10.19"]
[EventType "team"]
[EventRounds "7"]
[EventCountry "GER"]
[SourceTitle "EXT 2004"]
[Source "ChessBase"]
[SourceDate "2003.11.25"]
[SourceVersion "1"]
[SourceVersionDate "2003.11.25"]
[SourceQuality "1"]

1. e4 c5 2. Nc3 Nc6 3. f4 g6 4. Nf3 Bg7 5. Bc4 e6 6. f5 Nge7 7. fxe6 fxe6 8. d3 d5 9. exd5 exd5 10. Bb3 0-0 11. 0-0 a6 12. a4 Rb8 13. Bg5 Bf6 14. Bxf6 Rxf6 15. Ne4 Rf8 16. Nxc5 Kg7 17. Ng5 Qd6 18. Rxf8 Kxf8 19. Qf3+ Bf5 20. Nce6+ Ke8 21. Ng7+ Kd7 22. Nxf5 gxf5 23. Qe3 Rg8 24. Nh3 Ng6 25. Rf1 Nce7 26. Nf4 Nxf4 27. Qxf4 Qg6 28. Rf2 Qe6 29. Qf3 Qd6 30. Re2 Rg6 31. c4 Rh6 32. h3 Rg6 33. Qe3 Rg3 34. Qd2 f4 35. Rf2 Ng6 36. Kh1 Qb6 37. Bd1 Qd4 38. Bg4+ Ke8 39. Bf3 Ne5 40. Bxd5 Ng6 41. Re2+ Re3 42. Bxb7 Kd7 43. Bxa6 Rxd3 44. Bb5+ Kc8 45. Re8+ Kb7 46. Qb4 Rd1+ 47. Re1 Rxe1+ 48. Qxe1 Ne5 49. Qe2 1-0